Statistics for Click the Country - Oceania

Click here to take the quiz!

General Stats

  • This quiz has been taken 191 times
  • The average score is 7 of 14

Answer Stats

HintAnswer% Correct
Is home to the world's most venomous snake speciesAustralia
85%
Is the smallest island country in the worldNauru
78%
Has land in all 4 hempispheresKiribati
74%
Is the only monarchy in OceaniaTonga
62%
Palikir is its capitalMicronesia
60%
Tok Pisin is the most spoken languagePapua New Guinea
60%
Viti Levu is the largest islandFiji
54%
Was uninhabited in the year 1000 ADNew Zealand
51%
Was the location of the Guadalcanal Campaign in WWIISolomon Islands
48%
Skipped December 30, 2011Samoa
46%
The stars on its flag represent the country's 9 islandsTuvalu
44%
Formerly known as the New HebridesVanuatu
35%
Has a lake full of non-stinging jellyfishPalau
29%
Has the world's third largest merchant navyMarshall Islands
24%

Score Distribution

Percentile by Number Answered

Percent of People with Each Score

Your Score History

You have not taken this quiz